000 00938pam a2200277 a 4500
001 015983902
003 OSt
005 20140122142923.0
008 111125t2012 xxua frb 001 0 eng d
020 _a9780132790215 (pbk.)
020 _a0132790211 (pbk.)
040 _aStDuBDS
_beng
_cStDuBDS
_dUk
082 0 4 _a660.2842
_222
_bWAN
100 1 _aWankat, Phillip C.,
_d1944-
_934903
245 1 0 _aSeparation process engineering :
_bincludes mass transfer analysis /
_cPhillip C. Wankat.
250 _a3rd ed.,
_bInternational ed.
260 _aUpper Saddle River, United States :
_bPearson Education International,
_cc.2012.
300 _axxxv, 948 p. :
_bill. ;
_c23 cm.
500 _aIndex : p. 933-948.
500 _aAppendix : p. 917-931.
504 _aIncludes bibliographical references.
650 0 _aSeparation (Technology)
_934904
653 _bChe
_cJanuary2014
655 _vtext book
_933728
942 _2ddc
_k660.2842 WAN
999 _c17951
_d17923